000 00617nam a22002177a 4500
003 OSt
005 20160601135355.0
008 160601b xxu||||| |||| 00| 0 eng d
020 _a9788131203934
040 _cDNLM
082 _aQW4 M211j 2006
100 _4Edited by Collee, J. Gerald [et....al]
245 _aMackie & McCartney Practical Medical Microbiology
250 _a14th ed.
260 _aNew Delhi; Churchill, 2006
300 _axiv, 978p; ill: 25cm
504 _aReferences, appendice, & index included
650 _aMicrobiology
_9749
650 _aBacteria organism
_99178
942 _2z
_cO_SHELF
999 _c4257
_d4257